000 02300nam a2200409 a 4500
003 CHAP
005 20230420183937.0
007 ta
008 230419s2021 sp bd||fr|||| 001 0 spa d
020 _a978-84-16383-90-0
040 _amxchpua
_cCHAP
_erda
050 1 0 _aHD30.255
_b.J86 2021
082 0 0 _a658.567
_bJ86 2011
_220
100 1 _9186724
_aJunquera Cimadevilla, Beatriz
_eautora
245 1 0 _aLa empresa limpia /
_cBeatriz Junquera Cimadevilla y Jesús Ángel del Brío González
250 _a1a edición
264 _aEspaña :
_bDELTA,
_c2021
300 _axiii, 506 páginas :
_bgráficas, tablas y mapas
336 _2rdacontent
_atexto
_btxt
337 _2rdamedia
_asin medio
_bn
338 _2rdacarrier
_avolumen
_bnc
504 _aIncluye bibliografías
505 0 _aLa responsabilidad social corporativa y el futuro del planeta -- Los movimientos ecologistas y su papel en los enfoques medioambientales de las empresas -- Las Administraciones Públicas frente al reto verde -- La estrategia medioambiental de las empresas -- Eco-producción y cadena verde circular de suministro -- Eco-innovación y estrategia tecnológica medioambiental -- Sistemas de gestión medioambiental y su certificación -- La comunicación de la empresa limpia -- La PYME limpia
520 2 _aEn este libro se muestran aquellos retos que preocupan a las empresas desde una perspectiva medioambiental y se discuten los enfoques más adecuados para afrontarlos. Con dicho objetivo, la obra cuenta con nueve capítulos. Tras explicar las principales causas y los principales retos a los que se enfrenta nuestro planeta, se analizan los factores externos a la empresa que inciden sobre su preocupación medioambiental.
650 1 3 _9155955
_aAdministración ambiental
650 1 3 _935556
_aEducación ambiental
650 1 3 _9143891
_aGestión ambiental
650 1 3 _9156818
_aEvaluación de impacto ambiental
650 1 3 _957465
_aImpacto ambiental
650 1 3 _9186307
_aEnvironmental stewardship
650 1 3 _9186728
_aEnvironmental education
650 1 3 _9160239
_aEnvironmental management
650 1 3 _9162347
_aEnvironmental assessment
650 1 3 _9156817
_aEnvironmental impact
700 1 _9186729
_aBrío González, Jesús Ángel del
942 _2ddc
_cLibro
999 _c218612
_d218612